"Každý človek môže opustiť ktorúkoľvek krajinu

Podrobná bibliografia
Hlavný autor: Danihel, Vincent, 1946- (Autor)
Médium: Článok
Jazyk:slovenčina
Fyzický popis:Fotogr.
Predmet:

MARC

LEADER 00000nab a2200000 a 4500
001 vtls000801883
003 SK-MaSNL
005 20260303072833.0
008 180207c xo 0 slo
015 |a SNBRB2002/07-23906 
035 |a CLN000153538 
040 |a SNKBUCL  |b slo  |c SNKBUCL  |e AACR2 
041 0 |a slo 
044 |a xo  |c SK 
080 |a 323.15(437.6=914.99):342.7  |2 UDC-MRF-SK2 
080 |a 342.7(437.6=914.99)  |2 UDC-MRF-SK2 
100 1 |a Danihel, Vincent,  |d 1946-  |4 aut  |9 15832 
245 1 0 |a "Každý človek môže opustiť ktorúkoľvek krajinu  |c Vincent Danihel 
300 |b Fotogr. 
650 0 7 |a Rómovia  |z Slovensko  |x práva ľudské  |x porušovanie  |2 snkbucl  |9 860886 
650 0 7 |a práva ľudské  |x Rómovia  |z Slovensko  |2 snkbucl  |9 860224 
650 0 7 |a romiká  |2 snkbucl  |9 72855 
655 7 |a články z novín a časopisov  |2 snkbucl  |9 267496 
773 0 |t Romano ľil nevo  |g Roč. 10, č. 424(370)-434(380) (2000), s. 4 
850 |a Slovenská národná knižnica v Martine 
852 |a SNK  |b KIS3GCP 
958 |a RBX 
999 |c 1764977  |d 1766907